<?xml version="1.0" encoding="UTF-8"?>
<record
    xmlns:xsi="http://www.w3.org/2001/XMLSchema-instance"
    xsi:schemaLocation="http://www.loc.gov/MARC21/slim http://www.loc.gov/standards/marcxml/schema/MARC21slim.xsd"
    xmlns="http://www.loc.gov/MARC21/slim">

  <leader>01057cam a22002411  4500</leader>
  <controlfield tag="001">ne 68002950 </controlfield>
  <controlfield tag="003">DLC</controlfield>
  <controlfield tag="005">20260227111845.0</controlfield>
  <controlfield tag="008">820120s1966    le            000 0 ara  </controlfield>
  <datafield tag="010" ind1=" " ind2=" ">
    <subfield code="a">ne 68002950 </subfield>
  </datafield>
  <datafield tag="025" ind1=" " ind2=" ">
    <subfield code="a">PL480:UAR-8333</subfield>
  </datafield>
  <datafield tag="035" ind1=" " ind2=" ">
    <subfield code="a">(OCoLC)8078066</subfield>
  </datafield>
  <datafield tag="040" ind1=" " ind2=" ">
    <subfield code="a">DLC</subfield>
    <subfield code="c">TU</subfield>
    <subfield code="d">TU</subfield>
    <subfield code="d">DLC</subfield>
  </datafield>
  <datafield tag="050" ind1="0" ind2="0">
    <subfield code="a">BP135</subfield>
    <subfield code="b">.H33 1966</subfield>
  </datafield>
  <datafield tag="100" ind1="1" ind2=" ">
    <subfield code="a">&#x1E24;&#x101;kim al-N&#x12B;s&#x101;b&#x16B;r&#x12B;, Mu&#x1E25;ammad ibn &#x2BB;Abd All&#x101;h,</subfield>
    <subfield code="d">933-1014.</subfield>
  </datafield>
  <datafield tag="245" ind1="1" ind2="0">
    <subfield code="a">Kit&#x101;b Ma&#x2BB;rifat &#x2BB;ul&#x16B;m al-&#x1E24;ad&#x12B;th,</subfield>
    <subfield code="c">ta&#x1E63;n&#x12B;f al-&#x1E24;&#x101;kim Ab&#x12B; &#x2BB;Abd All&#x101;h Mu&#x1E25;ammad ibn &#x2BB;Abd All&#x101;h al-&#x1E24;af&#x1E93; al-N&#x12B;s&#x101;b&#x16B;r&#x12B;. I&#x2BB;tan&#x101; bi-nashrih wa-ta&#x1E63;&#x1E25;&#x12B;&#x1E25;ih wa-al-ta&#x2BB;l&#x12B;q  &#x2BB;alayh ma&#x2BB; tarjamat al-mu&#x1E63;annif al-Sayyid Mu&#x2BB;a&#x1E93;&#x1E93;am &#x1E24;usayn.</subfield>
  </datafield>
  <datafield tag="260" ind1=" " ind2=" ">
    <subfield code="a">Bayr&#x16B;t,</subfield>
    <subfield code="b">al-Maktabah al-Tij&#x101;r&#x12B;yah lil-&#x1E6C;ib&#x101;&#x2BB;ah wa al-Nashr</subfield>
    <subfield code="c">[1966]</subfield>
  </datafield>
  <datafield tag="300" ind1=" " ind2=" ">
    <subfield code="a">29, 266 p.</subfield>
    <subfield code="c">24 cm.</subfield>
  </datafield>
  <datafield tag="500" ind1=" " ind2=" ">
    <subfield code="a">Cover title: Kit&#x101;b ma&#x2BB;rifatt &#x2BB;ul&#x16B;m al-h&#x101;dith, composed by Abi Abdil&#x2BC;l&#x101;h al-Nis&#x101;b&#x16B;ri.</subfield>
  </datafield>
  <datafield tag="650" ind1=" " ind2="0">
    <subfield code="a">Hadith.</subfield>
  </datafield>
  <datafield tag="700" ind1="2" ind2=" ">
    <subfield code="a">Mu&#x2BB;a&#x1E93;&#x1E93;am &#x1E24;usayn, al-Sayyid,</subfield>
    <subfield code="e">ed.</subfield>
  </datafield>
  <datafield tag="740" ind1="0" ind2=" ">
    <subfield code="a">Ma&#x2BB;rifat &#x2BB;ul&#x16B;m al-&#x1E24;ad&#x12B;th.</subfield>
  </datafield>
  <datafield tag="999" ind1=" " ind2=" ">
    <subfield code="c">50632</subfield>
    <subfield code="d">50632</subfield>
  </datafield>
</record>
